| 000 | 00415nam a2200181Ia 4500 | ||
|---|---|---|---|
| 005 | 20240823061244.0 | ||
| 008 | 240823s9999||||xx |||||||||||||| ||und|| | ||
| 041 | _aTAMIL | ||
| 082 | _A398.9 Q9 | ||
| 100 | _aArunan Arivanan | ||
| 245 | 0 | _aEnngal Thatta Aravanar Aramozhigal | |
| 250 | _a1st | ||
| 260 |
_c2019 _bTamil Ko |
||
| 500 | _aYES | ||
| 650 |
_aAramozhigal _bGeneral |
||
| 942 | _cBK | ||
| 999 |
_c233086 _d233086 |
||